| 000 | 00894nam a2200229 i 4500 | ||
|---|---|---|---|
| 001 | 94293 | ||
| 003 | ES-MaACL | ||
| 005 | 20250811075926.0 | ||
| 007 | t| | ||
| 008 | 050427s1972 sp ||||1| spa d | ||
| 080 | _a745:686.1(460)(091) | ||
| 100 | 1 |
_aLópez Serrano, Matilde. _973985 |
|
| 245 | 1 | 3 |
_aLa encuadernación española : _bbreve historia / _cMatilde López Serrano. |
| 260 |
_aMadrid : _bAsociación Nacional de Bibliotecarios, Archiveros y Arqueólogos, _c1972. |
||
| 300 |
_a146 p., 64 lám. ; _c18 cm. |
||
| 490 | 1 |
_aBiblioteca profesional de ANABA III. Cuadernos ; _v5 |
|
| 650 | 4 |
_aEncuadernación- _zEspaña- _vHistoria. _9173832 |
|
| 710 | 2 |
_aAsociación Nacional de Bibliotecarios, Archiveros y Arqueólogos (España) _9173833 |
|
| 830 | 1 | 0 |
_aBiblioteca profesional de ANABAD. _pCuadernos _v5 _9230559 |
| 852 | 4 |
_aES-MaACL _jC-47580 |
|
| 999 |
_c94293 _d94293 |
||